000 00583nam a2200205Ia 4500
005 20250923145748.0
008 008 250917s9999 xx 000 0 eng d
037 _aTextual
040 _aDSWL
_beng
_cDSWL
041 _aeng
_2eng
084 _aV2:58(Q), N84;1
_qDSWL
100 _aChatterji, P.C.
_9838702
245 0 _aSecular values for secular India
_cby P.C.Chatterji
260 _aNew Delhi
_b Sela Chatterji
_c1984
300 _axvii,348p.
365 _aINR
_b175.00
925 _g175.00
942 _cTEXL
_hV2:58(Q), N84;1
999 _c1455370
_d1455370